00391nam a2200157Ia 4500001000500000005001700005008004100022041000800063082001500071100003600086245005800122260000900180300002800189650000800217654000800225197420260306143808.0260306t2014||||xx |||||||||||||| ||spa|| aESP a158.7bS23 aSánchez Gómez, RobertoeAUT 0aGestión y psicología en empresas y organizaciones c2014 a340 páginas :c24 cm. aGEN aCPS